| 000 | 01268nam a2200301 a 4500 | ||
|---|---|---|---|
| 001 | 2014921 | ||
| 003 | AM-YeHGA | ||
| 005 | 20250908133646.0 | ||
| 008 | 250414m2024 ai |||||||||||00||0|arm|d | ||
| 020 | _a9789939051765 | ||
| 040 | _aAM-YeHGA | ||
| 041 | 0 | _aarm | |
| 044 | _aai | ||
| 100 | 1 | _aԳևորգյան, Արա | |
| 245 | 1 | 0 |
_aԿլիոյի հովանու ներքո ։ _bՀոդվածների ժողովածու / _cԱ. Գևորգյան ; [Խմբագիր-սրբագրիչ՝ Մ. Արիստակեսյան]. |
| 246 | 1 | 5 | _aПод сенью Клио |
| 246 | 1 | 5 | _aUnder the shade of Clio |
| 260 |
_aԵրևան ։ _bՀեղինակային հրատ., _c2024. _fԷդիթ Պրինտ |
||
| 300 |
_aպրակ ; _c20 սմ. |
||
| 500 | _aՆվիրվում է Արցախյան ազատամարտի հերոս Լեոնիդ Ազգալդյանի պայծառ հիշատակին։ | ||
| 504 | _aԳրականություն՝ էջ 88-89։ | ||
| 505 | 1 | 0 | _gՊր. Ա. (2024 ; 95 էջ) |
| 630 | 4 | _aՀայոց պատմություն | |
| 650 | 1 | 4 |
_aՀայագիտություն _94600 |
| 650 | 1 | 4 |
_aՌազմական գործ _xՊատմություն |
| 700 | 1 |
_aԱրիստակեսյան, Մարգարիտ _eխմբագիր _4edt _eսրբագրիչ _4crr |
|
| 942 |
_2udc _cBK |
||
| 999 |
_c534548 _d534548 |
||